000 02508ncm1a2200397 i 4500
001 RU\NLR\ONIZ\224448
005 20241221122450.0
035 _aRU\NLR\ONIZ\SOPHY\5000005210\20181115133729
035 _a(NLR Aleph) 011903519
090 _a10895905
_c10895905
100 _a20181115g19111913|||y0rusy50 ca
101 0 _arus
102 _aRU
125 _adx
145 0 _aa
200 1 _aБылины и песни астраханских казаков
_bНоты
_eдля однороднаго хора [без сопровождения]
_eвып. 1-2
_fсобрал и на ноты положил А. А. Догадин
_gпод редакцией Н. С. Кленовскаго
210 _aАстрахань
_cиздание Астраханскаго казачьяго войска
_d[1911-1913]
215 _cил.
_d25 см
300 _aНа тит. л. штамп: ИПБ
300 _aСодерж. исторические комментарии
313 _aСистематизация документа проведена по изданию - Методика классифицирования музыкальных произведений (нотных изданий) по таблицам Библиотечно-библиографических классификаций : метод. рекомендации / Гос. б-ка СССР им. В.И. Ленина.- М., 1977. Индексу ББК методических рекомендаций присваивается код ББК для научных библиотек - LBC/SL
606 1 _aРусский фольклор
_yАстраханская обл.
_2nlr_sh
606 1 _aРусский музыкальный фольклор. Былины
_yРоссия
_2nlr_sh
606 1 _aКазачьи песни
_yРоссия
_2nlr_sh
686 _aЩ92(2Р=Рус)-451
_vLBC/SL
_2rubbk
686 _aЩ92(2Р=Рус)-412.1
_vLBC/SL
_2rubbk
700 1 _9z01790
_aДогадин
_bА. А.
_f1869- после 1920
_gАлександр Адрианович
_4230
_7ca
702 1 _9z02790
_aКленовский
_bН. С.
_f1857-1915
_gНиколай Семенович
_4340
_7ca
790 1 _9z01700
_aDogadin
_bA. A.
_f1869- после 1920
_gAleksandr Adrianovič
_4230
_7ca
790 1 _9z02702
_aKlenovskij
_bN. S.
_f1857-1915
_gNikolaj Semenovič
_4340
_7ba
801 0 _aRU
_bNLR
_c20181115
_gPSBO
801 1 _aRU
_bNLR
_c20181115
_2rusmarc
801 2 _aRU
_bNLR
_c20181119
942 _cSCORE
980 _aONIZ